<?xml version='1.0' encoding='UTF-8'?>
  <record xmlns="http://www.loc.gov/MARC21/slim">
    <leader>00000cas a2200000 i 4500</leader>
    <controlfield tag="001">ocm73469122</controlfield>
    <controlfield tag="003">OCoLC</controlfield>
    <controlfield tag="005">20250625070939.9</controlfield>
    <controlfield tag="008">000426c20009999ne ar p       0   b0dut d</controlfield>
    <datafield tag="040" ind1=" " ind2=" ">
      <subfield code="a">NLGGC</subfield>
      <subfield code="b">dut</subfield>
      <subfield code="e">fobidrtb</subfield>
      <subfield code="c">NLGGC</subfield>
      <subfield code="d">L2U</subfield>
      <subfield code="d">OCLCQ</subfield>
      <subfield code="d">OCLCL</subfield>
    </datafield>
    <datafield tag="022" ind1=" " ind2=" ">
      <subfield code="a">1567-7532</subfield>
    </datafield>
    <datafield tag="029" ind1="0" ind2=" ">
      <subfield code="a">NLGGC</subfield>
      <subfield code="b">192655841</subfield>
    </datafield>
    <datafield tag="035" ind1=" " ind2=" ">
      <subfield code="a">(OCoLC)73469122</subfield>
    </datafield>
    <datafield tag="080" ind1=" " ind2=" ">
      <subfield code="a">949.2(492.83)</subfield>
    </datafield>
    <datafield tag="082" ind1=" " ind2="4">
      <subfield code="a">930</subfield>
      <subfield code="q">OCoLC</subfield>
      <subfield code="1">https://id.oclc.org/worldcat/ddc/E3hWQvvDPgJrYvTtf7gXTqpFfX</subfield>
    </datafield>
    <datafield tag="084" ind1=" " ind2=" ">
      <subfield code="a">15.70</subfield>
      <subfield code="2">bcl</subfield>
    </datafield>
    <datafield tag="222" ind1=" " ind2="0">
      <subfield code="a">Flehite</subfield>
      <subfield code="b">(2000)</subfield>
    </datafield>
    <datafield tag="245" ind1="0" ind2="0">
      <subfield code="a">Flehite :</subfield>
      <subfield code="b">historisch jaarboek voor Amersfoort en omstreken... /</subfield>
      <subfield code="c">verschijnt onder auspiciën van de Stichting Museum Flehite en de Oudheidkundige Vereniging Flehite ; in samenw. met de Gemeentelijke Archiefdienst Amersfoort, het Gemeentelijk Bureau Monumentenzorg en de Gemeentelijke Archeologische Dienst ; red. Museum Flehite.</subfield>
    </datafield>
    <datafield tag="260" ind1=" " ind2=" ">
      <subfield code="a">Amersfoort :</subfield>
      <subfield code="b">Bekking,</subfield>
      <subfield code="c">[2000]-</subfield>
    </datafield>
    <datafield tag="300" ind1=" " ind2=" ">
      <subfield code="a">v. ;</subfield>
      <subfield code="c">24 cm. +</subfield>
      <subfield code="e">CD-ROM.</subfield>
    </datafield>
    <datafield tag="310" ind1=" " ind2=" ">
      <subfield code="a">Verschijnt 1× per jaar</subfield>
    </datafield>
    <datafield tag="336" ind1=" " ind2=" ">
      <subfield code="a">tekst</subfield>
      <subfield code="b">txt</subfield>
      <subfield code="2">rdacontent/dut</subfield>
    </datafield>
    <datafield tag="337" ind1=" " ind2=" ">
      <subfield code="a">zonder medium</subfield>
      <subfield code="b">n</subfield>
      <subfield code="2">rdamedia/dut</subfield>
    </datafield>
    <datafield tag="338" ind1=" " ind2=" ">
      <subfield code="a">band</subfield>
      <subfield code="b">nc</subfield>
      <subfield code="2">rdacarrier/dut</subfield>
    </datafield>
    <datafield tag="500" ind1=" " ind2=" ">
      <subfield code="a">Later uitg.: Amersfoort : Stichting Flehite Publicaties.</subfield>
    </datafield>
    <datafield tag="650" ind1=" " ind2="7">
      <subfield code="a">15.70 history of Europe.</subfield>
      <subfield code="0">(NL-LeOCL)077599594</subfield>
      <subfield code="2">bcl</subfield>
    </datafield>
    <datafield tag="650" ind1=" " ind2="7">
      <subfield code="a">jaarboeken.</subfield>
      <subfield code="2">btr</subfield>
      <subfield code="0">(NL-LeOCL)075670747</subfield>
    </datafield>
    <datafield tag="650" ind1=" " ind2="7">
      <subfield code="a">Amersfoort.</subfield>
      <subfield code="2">btr</subfield>
      <subfield code="0">(NL-LeOCL)075629542</subfield>
    </datafield>
    <datafield tag="650" ind1=" " ind2="7">
      <subfield code="a">Utrecht (prov.) ; geschiedenis.</subfield>
      <subfield code="2">btr</subfield>
      <subfield code="0">(NL-LeOCL)075625032</subfield>
    </datafield>
    <datafield tag="651" ind1=" " ind2="7">
      <subfield code="a">Amersfoort.</subfield>
      <subfield code="2">gtt</subfield>
      <subfield code="0">(NL-LeOCL)095939113</subfield>
    </datafield>
    <datafield tag="651" ind1=" " ind2="7">
      <subfield code="a">Utrecht (provincie)</subfield>
      <subfield code="2">gtt</subfield>
      <subfield code="0">(NL-LeOCL)078699746</subfield>
    </datafield>
    <datafield tag="655" ind1=" " ind2="7">
      <subfield code="a">Jaarboeken (vorm)</subfield>
      <subfield code="2">gtt</subfield>
      <subfield code="0">(NL-LeOCL)097864927</subfield>
    </datafield>
    <datafield tag="710" ind1="2" ind2=" ">
      <subfield code="a">Stichting Museum Flehite (Amersfoort)</subfield>
      <subfield code="0">(NL-LeOCL)137131828</subfield>
    </datafield>
    <datafield tag="710" ind1="2" ind2=" ">
      <subfield code="a">Oudheidkundige Vereniging Flehite (Amersfoort)</subfield>
      <subfield code="0">(NL-LeOCL)188915354</subfield>
    </datafield>
    <datafield tag="710" ind1="2" ind2=" ">
      <subfield code="a">Gemeentelijke Archiefdienst (Amersfoort)</subfield>
      <subfield code="0">(NL-LeOCL)075365081</subfield>
    </datafield>
    <datafield tag="710" ind1="2" ind2=" ">
      <subfield code="a">Bureau Monumentenzorg (Amersfoort)</subfield>
      <subfield code="0">(NL-LeOCL)075479907</subfield>
    </datafield>
    <datafield tag="710" ind1="2" ind2=" ">
      <subfield code="a">Gemeentelijke Archeologische Dienst (Amersfoort)</subfield>
      <subfield code="0">(NL-LeOCL)202086151</subfield>
    </datafield>
    <datafield tag="780" ind1="0" ind2="1">
      <subfield code="t">Flehite,</subfield>
      <subfield code="x">0165-960X</subfield>
    </datafield>
    <datafield tag="936" ind1=" " ind2=" ">
      <subfield code="a">BATCHLOAD</subfield>
    </datafield>
  </record>